| 000 | 00568 a2200217 4500 | ||
|---|---|---|---|
| 001 | 200128727 | ||
| 999 |
_c200128727 _d31378 |
||
| 003 | TR-AnTOB | ||
| 005 | 20190902195736.0 | ||
| 008 | 130531s1995 tu 000 0 | ||
| 040 | _aTR-AnTOB | ||
| 041 | _atur | ||
| 050 | 0 |
_aHD85.T9 _bP43 1995 |
|
| 090 | _aHD85.T9 P43 1995 | ||
| 245 | 0 | 0 |
_aTürkiye de planlı kalkınma / _cTürkiye Bilim Kurulu. |
| 264 | 1 |
_aAnkara: _bTürkiye Bilim Kurulu, _c1995. |
|
| 300 |
_a300 p; _c23 cm. |
||
| 650 | 0 |
_aEconomic development _91528 |
|
| 650 | 0 |
_aEkonomik kalkınma _99621 |
|
| 942 | _cBK | ||